000 00302nam a22001337a 4500
008 190225b xxu||||| |||| 00| 0 eng d
020 _a020175407
041 _aeng
080 _25th
_a510
100 _a36
101 _aMAT
245 _aCalculus and Analysis Geometry
_cThomas, G.B
942 _2udc
_cBK
999 _c54229
_d54229